01187nam a2200193Ia 4500001001100000003001000011008004100021040002500062041001300087100002600100245006700126250001100193260008600204300002700290500026400317501011400581520026400695650003400959L235-10281IT-CnALBA170116s9999||||xx |||||||||||||| ||und|| aIT-CnALBAcIT-CnALBA aITALIANO aPIEROPAN ISIDORO, SJ. 0aANTONIO ALDINI. STUDENTE DELLA COMPAGNIA DI GESÙ. 1885-1906  a1a ed. a CREMONAbCREMONESE UNIONE TIPOG. c1910 [1° Ed.:1910 - Ed.Ling.Originale: 1910] a313 p. (prefazione: 1) aINFANZIA DI ANTONIO ALDINI. ATTRATTIVE PER L'ORAZIONE. APOSTOLO ESEMPLARE. GIORNALISTA. TESTIMONE CHIESA. DEVOZIONE A MARIA. VIRTÙ. DONI DI DIO. IDEALE DELLA SANTITÀ. PROVE. MALATTIE TENTAZIONI. VOCAZIONE ALLA VITA RELIGIOSA. DEVOZIONE AL SACRO CUORE DI G aSocietà San Paolo EM - Piazza San Paolo, 14 - 12051 ALBA (CN) (non commercial uses only) ® Copyright 2017 aINFANZIA DI ANTONIO ALDINI. ATTRATTIVE PER L'ORAZIONE. APOSTOLO ESEMPLARE. GIORNALISTA. TESTIMONE CHIESA. DEVOZIONE A MARIA. VIRTÙ. DONI DI DIO. IDEALE DELLA SANTITÀ. PROVE. MALATTIE TENTAZIONI. VOCAZIONE ALLA VITA RELIGIOSA. DEVOZIONE AL SACRO CUORE DI G aMARIA SS. ANGELI SANTI DEMONI